Vplyv vstupu SR do EÚ na finančno-ekonomické riadenie slovenských podnikov (dotazníkový prieskum)

Kolektív riešiteľov na Katedre podnikových financií FPM Ekonomickej univerzity v Bratislave za podpory Slovenskej asociácie podnikových finančníkov (SAF) realizoval v rámci svojej výskumnej úlohy v období december 2004 až marec 2005 dotazníkový prieskum zameraný na vplyv eurointegračných tendencií n...

Descripción completa

Guardado en:
Detalles Bibliográficos
Autor principal: Šnircová, Jana, 1971-
Otros Autores: Ziman, Patrik
Formato: Capítulo de libro
Lenguaje:eslovaco
Materias:
Etiquetas: Agregar Etiqueta
Sin Etiquetas, Sea el primero en etiquetar este registro!

MARC

LEADER 00000naa$a2200000$$$4500
001 0048902
005 20240502071549.2
041 0 |a slo 
044 |a SK 
245 1 0 |a Vplyv vstupu SR do EÚ na finančno-ekonomické riadenie slovenských podnikov  |b (dotazníkový prieskum)  |c Jana Šnircová, Patrik Ziman 
520 |a Kolektív riešiteľov na Katedre podnikových financií FPM Ekonomickej univerzity v Bratislave za podpory Slovenskej asociácie podnikových finančníkov (SAF) realizoval v rámci svojej výskumnej úlohy v období december 2004 až marec 2005 dotazníkový prieskum zameraný na vplyv eurointegračných tendencií na finančno-ekonomické riadenie slovenských podnikov. Vyhodnotenie dotazníkového prieskumu a stručný prehľad výsledkov zistených na základe odpovedí respondentov. 
610 2 0 |a dotazníky 
610 2 0 |a prieskum informačný 
610 2 0 |a Slovensko 
610 2 0 |a podnik 
610 2 0 |a riadenie finančné 
610 2 0 |a riadenie podnikové 
610 2 0 |a euro 
610 2 0 |a integrácia 
100 1 |a Šnircová, Jana, 1971- 
700 1 |a Ziman, Patrik